000 01153cam a22003134a 4500
001 1978
003 FISKH
005 20231024094610.0
008 030409s2004 nyua j 000 0 eng
010 _a 2003006960
020 _a9780439751162
020 _a0439751160
040 _aDLC
_cDLC
_dDLC
_beng
042 _apcc
_alcac
050 0 0 _aTJ810.3
_b.B36 2004
082 0 0 _a621.47
_221
100 1 _aBang, Molly.
245 1 0 _aMy light /
_cby Molly Bang.
260 _aNew York :
_bScholastic,
_c2004.
300 _a40 unnumbered pages :
_bcolor illustrations ;
_c28 cm
505 _aM
520 _aThe sun narrates an explanation of light and energy in which the generation of electricity can be traced back to it. Tiny yellow dots represent the sun's power as it streams from light, water, wind, and electricity. Endnotes are used to illuminate everything from dark matter to atoms to pollution.
521 8 _a560
_bLexile
521 8 _aM
_bRaz-Plus
650 0 _aSolar energy
_vJuvenile literature.
650 0 _aElectricity
_vJuvenile literature.
906 _a7
_bcbc
_corignew
_d1
_eecip
_f20
_gy-gencatlg
942 _2ddc
_cBK
_n0
999 _c1978
_d1978